A journey into the world of women / (Record no. 169452)

MARC details
000 -LEADER
fixed length control field 00635nam a22002057a 4500
005 - DATE AND TIME OF LATEST TRANSACTION
control field 20191120161805.0
010 ## - LCCN (DPL NO)
LC control number ENG-126944
020 ## - INTERNATIONAL STANDARD BOOK NUMBER
Terms of availability 799.00
International Standard Book Number 9789389146912
035 ## - SYSTEM CONTROL NUMBER
System control number EN-110476
037 ## - SOURCE OF ACQUISITION
Source of stock number/acquisition DBAD/PUB
082 ## - DEWEY DECIMAL CLASSIFICATION NUMBER
Classification number 305.42
100 ## - MAIN ENTRY--PERSONAL NAME
Personal name Ramya, R
245 ## - TITLE STATEMENT
Title A journey into the world of women /
Statement of responsibility, etc by R Ramya [and] Pradeep Kumar B
260 ## - PUBLICATION, DISTRIBUTION, ETC. (IMPRINT)
Name of publisher, distributor, etc Shanlax Publications
Date of publication, distribution, etc 2019
Place of publication, distribution, etc Tamil Nadu
270 ## - ADDRESS
Address 61, 66 T.P.K. Main Road, Vasantha Nagar, Madurai
Postal code 625003
City Tamil Nadu
300 ## - PHYSICAL DESCRIPTION
Extent 171p.
Dimensions 23cm(pbk)
500 ## - GENERAL NOTE
General note Includes references
700 ## - ADDED ENTRY--PERSONAL NAME
Personal name B Pradeep Kumar
942 ## - ADDED ENTRY ELEMENTS (KOHA)
Source of classification or shelving scheme Dewey Decimal Classification
Item type English Books
Classification part 305.42
Call number suffix RAM
Holdings
Withdrawn status Lost status Not for loan Collection code Home library Current library Date acquired Source of acquisition Cost, normal purchase price Full call number Barcode Copy number Cost, replacement price Koha item type
      Non-fiction Sarojini Nagar Sarojini Nagar 20/11/2019 DBAD/PUB 799.00 305.42 RAM EN-110476 1 799.00 English Books

© Delhi Public Library
Hit Counter
free hit counter